Fr. Conceicao Rodrigues College of Engineering

MATLAB Programming for Engineers (Record no. 34821)

MARC details
000 -LEADER
fixed length control field 00288nam a2200145Ia 4500
100 ## - MAIN ENTRY--PERSONAL NAME
Personal name Chapman
245 ## - TITLE STATEMENT
Title MATLAB Programming for Engineers
260 ## - PUBLICATION, DISTRIBUTION, ETC.
Name of publisher, distributor, etc. #N/A
366 ## - TRADE AVAILABILITY INFORMATION
Publishers's discount category 25
546 ## - LANGUAGE NOTE
Language note ENGLISH
-- PAMPHALETS
650 ## - SUBJECT ADDED ENTRY--TOPICAL TERM
Topical term or geographic name entry element Matlab
654 ## - SUBJECT ADDED ENTRY--FACETED TOPICAL TERMS
Focus term Matlab
942 ## - ADDED ENTRY ELEMENTS (KOHA)
Koha item type BOOK
Holdings
Withdrawn status Lost status Damaged status Not for loan Collection Home library Current library Date acquired Source of acquisition Cost, normal purchase price Inventory number Total Checkouts Full call number Barcode Date last seen Cost, replacement price Price effective from Koha item type
        CRC Fr. Agnel's C.Rodrigues College of Engineering Fr. Agnel's C.Rodrigues College of Engineering 17/03/2023 Dharma Enterprises 264.75 524 dt 29/04/2010   20520 17/03/2023 353.00   BOOK